[Event "WSTCC-50 2020"]
[Site "Prague"]
[Date "2020.03.12"]
[Round "7.16"]
[White "Vrbata, Zbynek"]
[Black "Petran, Peter"]
[Result "1/2-1/2"]
[WhiteElo "2350"]
[BlackElo "2268"]
[Annotator "TA"]
[PlyCount "38"]
[EventDate "2020.03.06"]
[EventType "team-tourn"]
[EventCountry "CZE"]
[SourceTitle "playchess.com"]
[Source "ChessBase"]
[SourceQuality "1"]

{[%evp 9,38,38,54,48,55,64,70,52,54,55,46,50,79,74,98,75,101,91,98,99,99,79,84,81,104,102,104,89,106,59,118]} 1. d4 g6 2. e4 Bg7 3. c4 Nc6 4. Nf3 e5 5. Bg5 Nge7 {[%cal Re5d4]} 6. dxe5 {A40: Unusual replies to 1 d4.} Nxe5 7. Nxe5 Bxe5 8. Nc3 {Strongly threatening Nd5.} h6 9. Be3 d6 10. Qd2 Bg7 11. Be2 Be6 12. O-O a6 {[#]} 13. Rfd1 $146 ({Predecessor:} 13. Nd5 c5 14. Rab1 Nc6 15. b4 b6 16. bxc5 bxc5 17. Rb7 Rc8 18. f4 Nd4 19. f5 Bxd5 20. cxd5 {1-0 (29) Haessel,D (2155)-Petran,P (2256) Bled 2018}) 13... h5 14. Rac1 O-O 15. Bd4 f6 16. Nd5 Nc6 17. Be3 Kh7 18. b3 Re8 19. Qc2 b6 {Accuracy: White = 90%, Black = 71%.} ({Black should play} 19... f5 $14) 1/2-1/2

[Event "WSTCC-50 2020"]
[Site "Prague"]
[Date "2020.03.12"]
[Round "7.17"]
[White "Pekarek, Ales"]
[Black "Pieper, Thomas"]
[Result "1/2-1/2"]
[WhiteElo "2274"]
[BlackElo "2258"]
[Annotator "ChessBase"]
[PlyCount "83"]
[EventDate "2020.03.06"]
[EventType "team-tourn"]
[EventCountry "CZE"]
[SourceTitle "playchess.com"]
[Source "ChessBase"]
[SourceQuality "1"]
[TimeControl "40/5400+30:1800+30"]

1. d4 {[%emt 0:00:00]} d5 {[%emt 0:00:00]} 2. Nf3 {[%emt 0:00:00]} Nf6 {[%emt 0:00:00]} 3. g3 {[%emt 0:00:09]} g6 {[%emt 0:00:47]} 4. Bg2 {[%emt 0:00:18]} Bg7 {[%emt 0:00:08]} 5. c4 {[%emt 0:00:46]} c6 {[%emt 0:01:01]} 6. O-O {[%emt 0:01:47]} O-O {[%emt 0:00:40]} 7. Qb3 {[%emt 0:07:16]} dxc4 {[%emt 0:14:20]} 8. Qxc4 {[%emt 0:00:07]} Nbd7 {[%emt 0:00:07]} 9. Nc3 {[%emt 0:01:51]} Qa5 {[%emt 0:08:36]} 10. Re1 {[%emt 0:06:59]} Qh5 {[%emt 0:17:33]} 11. h3 {[%emt 0:11:06]} Nb6 {[%emt 0:01:38]} 12. Qc5 {[%emt 0:00:07]} Qxc5 {[%emt 0:01:15]} 13. dxc5 {[%emt 0:00:07]} Nbd5 {[%emt 0:02:40]} 14. Bd2 {[%emt 0:01:33]} Nb4 {[%emt 0:08:25]} 15. Rec1 {[%emt 0:02:15]} Na6 {[%emt 0:04:11]} 16. Na4 {[%emt 0:03:33]} h6 {[%emt 0:06:24]} 17. Bc3 {[%emt 0:04:50]} Be6 {[%emt 0:01:38]} 18. b4 {[%emt 0:14:27]} Nc7 {[%emt 0:05:23]} 19. Be5 {[%emt 0:04:07]} Nb5 {[%emt 0:01:18]} 20. Nb2 {[%emt 0:06:13]} Na3 {[%emt 0:01:06]} 21. Nd4 {[%emt 0:01:41]} Bd5 {[%emt 0:01:37]} 22. f3 {[%emt 0:08:26]} a5 {[%emt 0:08:07]} 23. e4 {[%emt 0:01:44]} axb4 {[%emt 0:02:34]} 24. exd5 {[%emt 0:00:39]} Nxd5 {[%emt 0:00:11]} 25. Bxg7 {[%emt 0:00:44]} Kxg7 {[%emt 0:00:01]} 26. Re1 {[%emt 0:07:11]} Rfd8 {[%emt 0:00:52]} 27. Rac1 {[%emt 0:01:30]} Nc3 {[%emt 0:02:42]} 28. Nb3 {[%emt 0:00:41]} Nxa2 {[%emt 0:03:01]} 29. Rcd1 {[%emt 0:00:30]} Kf6 {[%emt 0:01:30]} 30. Rxd8 {[%emt 0:04:36]} Rxd8 {[%emt 0:00:01]} 31. Bf1 {[%emt 0:00:22]} Nc2 {[%emt 0:01:58]} 32. Rd1 {[%emt 0:00:32]} Rxd1 {[%emt 0:00:45]} 33. Nxd1 {[%emt 0:00:02]} Nc3 {[%emt 0:01:09]} 34. Nb2 {[%emt 0:00:42]} e5 {[%emt 0:01:41]} 35. Nc4 {[%emt 0:02:58]} Nd4 {[%emt 0:01:20]} 36. Ncd2 {[%emt 0:02:06]} Nxb3 {[%emt 0:01:26]} 37. Nxb3 {[%emt 0:00:03]} Na4 {[%emt 0:00:29]} 38. Kf2 {[%emt 0:01:26]} b6 {[%emt 0:00:42]} 39. cxb6 {[%emt 0:00:32]} Nxb6 {[%emt 0:00:01]} 40. Nc5 {[%emt 0:00:00]} Ke7 {[%emt 0:00:00]} 41. Ke3 {[%emt 0:02:56]} f5 {[%emt 0:07:24]} 42. Nd3 1/2-1/2

[Event "WSTCC-50 2020"]
[Site "Prague"]
[Date "2020.03.12"]
[Round "7.18"]
[White "Kempter, Ronald"]
[Black "Sorm, Daniel"]
[Result "0-1"]
[WhiteElo "2238"]
[BlackElo "2328"]
[Annotator "TA"]
[PlyCount "80"]
[EventDate "2020.03.06"]
[EventType "team-tourn"]
[EventCountry "CZE"]
[SourceTitle "playchess.com"]
[Source "ChessBase"]
[SourceQuality "1"]

{[%evp 14,80,0,2,20,0,17,-10,0,-16,-39,-20,19,-14,-7,-29,-19,-23,-20,-54,-20,-17,-22,-29,-25,-76,0,-51,-52,-72,-53,-116,-50,-53,0,-109,-81,-72,-44,-86,-90,-83,-55,-54,-52,-115,-116,-115,-108,-191,-192,-310,-381,-353,-329,-379,-364,-581,-529,-1002,-1006,-964,-986,-954,-941,-921,-889,-1086,-951]} 1. Nf3 d5 2. c4 e6 3. g3 d4 4. e3 c5 5. exd4 cxd4 6. Bg2 Nc6 7. d3 Nf6 8. O-O Bd6 {A13: English Opening: 1...e6.} 9. Nbd2 h6 10. Re1 O-O {The position is equal.} 11. Ne4 Nxe4 12. Rxe4 {[#]} f5 $146 ({Predecessor:} 12... e5 13. c5 Bxc5 14. Nxe5 Nxe5 15. Rxe5 Qb6 16. Qh5 Bd6 17. Rb5 Qa6 18. a4 Re8 {1-0 (37) Haldorsen,B (2444)-Vitenberg,N (2300) Larvik 2019}) 13. Re1 Qf6 14. a3 a5 15. Rb1 e5 16. Qc2 a4 (16... e4 $5 17. dxe4 fxe4 18. Rxe4 (18. Qxe4 Bf5 $17) 18... Bf5 $17) 17. b4 axb3 $1 18. Qxb3 {Black should prevent c5+.} Kh8 19. Bb2 (19. Qc2 $1 $11 {was the only way to keep the balance.}) 19... Ra7 (19... f4 $17) 20. Nd2 (20. a4 $11) 20... Bd7 21. Ra1 Rfa8 22. Rec1 (22. Qd1 $15) 22... Qe7 (22... Nd8 $17 23. c5 Bc7) 23. Re1 $15 Qf6 (23... Qf8 $15) 24. Rec1 $1 $17 Bc5 25. Re1 Qd6 26. Nb1 Nd8 {[%cal Bc6d8,Bd8f7,Bf7g5,Bg5h7,Bh7f6,Bf6e4,Be4g3][%mdl 32]} 27. Qd1 Nf7 28. Bd5 Ng5 {Hoping for ...e4!} 29. h4 {[#]} ({White should play} 29. Qe2 $15) 29... Nh7 $1 30. Bg2 Nf6 $36 {[%mdl 2048] Black has strong initiative.} 31. Qe2 (31. Nd2 $17 {was called for.}) 31... Re8 $19 32. Kh1 (32. Nd2 {was worth a try.}) 32... e4 33. Nd2 Bc6 (33... Bxa3 $2 34. Reb1 $17) 34. Nb3 f4 35. dxe4 (35. Nxc5 $142 f3 36. Bxf3 (36. Nxe4 $2 Rxe4 37. Qd2 fxg2+ 38. Kg1 Rxe1+ 39. Rxe1 Qd7 $19) 36... exf3 37. Qd2 Qxc5 38. Qf4) 35... Nxe4 {Black is clearly winning.} 36. Nxc5 {[#]} Nxg3+ $1 {[%mdl 576] Discovered Attack} 37. fxg3 Rxe2 38. Rxe2 f3 39. Ne4 fxg2+ 40. Kxg2 Qg6 {Accuracy: White = 47%, Black = 80%.} 0-1

[Event "WSTCC-50 2020"]
[Site "Prague"]
[Date "2020.03.12"]
[Round "7.19"]
[White "Pastircak, Milan"]
[Black "Scheckenbach, Franz"]
[Result "1-0"]
[WhiteElo "2277"]
[BlackElo "2101"]
[Annotator "ChessBase"]
[PlyCount "91"]
[EventDate "2020.03.06"]
[EventType "team-tourn"]
[EventCountry "CZE"]
[SourceTitle "playchess.com"]
[Source "ChessBase"]
[SourceQuality "1"]
[TimeControl "40/5400+30:1800+30"]

1. Nf3 {[%emt 0:00:00]} Nf6 {[%emt 0:00:00]} 2. g3 {[%emt 0:00:29]} g6 {[%emt 0:01:07]} 3. b3 {[%emt 0:00:06]} Bg7 {[%emt 0:00:08]} 4. Bb2 {[%emt 0:00:02]} O-O {[%emt 0:00:09]} 5. Bg2 {[%emt 0:02:13]} c5 {[%emt 0:01:49]} 6. c4 {[%emt 0:00:39]} d5 {[%emt 0:04:43]} 7. cxd5 {[%emt 0:00:22]} Nxd5 {[%emt 0:00:08]} 8. Bxg7 {[%emt 0:00:24]} Kxg7 {[%emt 0:00:04]} 9. O-O {[%emt 0:00:06]} Nc6 {[%emt 0:00:35]} 10. d4 {[%emt 0:00:36]} cxd4 {[%emt 0:09:10]} 11. Nxd4 {[%emt 0:00:06]} e5 {[%emt 0:00:21]} 12. Nxc6 {[%emt 0:11:47]} bxc6 {[%emt 0:00:06]} 13. Qc2 {[%emt 0:00:48]} Qb6 {[%emt 0:05:21]} 14. Nc3 {[%emt 0:05:55]} Nb4 {[%emt 0:14:16]} 15. Qb2 {[%emt 0:08:55]} Be6 {[%emt 0:10:44]} 16. Rfd1 {[%emt 0:12:32]} Rad8 {[%emt 0:05:04]} 17. a3 {[%emt 0:06:31]} Na6 {[%emt 0:00:42]} 18. b4 {[%emt 0:00:13]} f6 {[%emt 0:08:14]} 19. Qc2 {[%emt 0:07:13]} Nb8 {[%emt 0:08:50]} 20. Bf3 {[%emt 0:09:55]} Rxd1+ {[%emt 0:05:16]} 21. Rxd1 {[%emt 0:00:05]} Rd8 {[%emt 0:00:11]} 22. Na4 {[%emt 0:04:58]} Rxd1+ {[%emt 0:01:54]} 23. Qxd1 {[%emt 0:00:03]} Qd4 {[%emt 0:04:43]} 24. Qxd4 {[%emt 0:09:49]} exd4 {[%emt 0:00:05]} 25. Nc5 {[%emt 0:00:59]} Bc4 {[%emt 0:01:01]} 26. Kf1 {[%emt 0:01:01]} f5 {[%emt 0:06:28]} 27. Bg2 {[%emt 0:09:40]} Kf6 {[%emt 0:01:56]} 28. f4 {[%emt 0:01:03]} Ke7 {[%emt 0:01:40]} 29. Ke1 {[%emt 0:01:01]} Kd6 {[%emt 0:00:19]} 30. Kd2 {[%emt 0:00:39]} Kc7 {[%emt 0:03:56]} 31. e3 {[%emt 0:00:17]} dxe3+ {[%emt 0:00:15]} 32. Kxe3 {[%emt 0:00:01]} Kd6 {[%emt 0:02:25]} 33. Kd4 {[%emt 0:01:18]} Bf7 {[%emt 0:00:46]} 34. Bf3 {[%emt 0:00:41]} h6 {[%emt 0:00:53]} 35. h4 {[%emt 0:01:05]} Be8 {[%emt 0:00:24]} 36. Be2 {[%emt 0:01:32]} Nd7 {[%emt 0:00:54]} 37. Nxd7 {[%emt 0:01:01]} Bxd7 {[%emt 0:00:03]} 38. h5 {[%emt 0:00:15]} Be8 {[%emt 0:00:38]} 39. Bd3 {[%emt 0:00:54]} a5 {[%emt 0:01:50]} 40. bxa5 {[%emt 0:00:00]} c5+ {[%emt 0:00:00]} 41. Kc3 {[%emt 0:05:39]} Kd5 {[%emt 0:12:18]} 42. hxg6 {[%emt 0:05:25]} Bxg6 {[%emt 0:00:39]} 43. a6 {[%emt 0:00:02]} Kc6 {[%emt 0:00:22]} 44. a7 {[%emt 0:00:28]} Kb7 {[%emt 0:00:15]} 45. Kc4 {[%emt 0:00:04]} Kxa7 {[%emt 0:00:05]} 46. Kxc5 {[%emt 0:00:10]} 1-0

[Event "WSTCC-50 2020"]
[Site "Prague"]
[Date "2020.03.12"]
[Round "7.20"]
[White "Arndt, Olaf"]
[Black "Vrana, Frantisek"]
[Result "0-1"]
[WhiteElo "1887"]
[BlackElo "2231"]
[Annotator "ChessBase"]
[PlyCount "86"]
[EventDate "2020.03.06"]
[EventType "team-tourn"]
[EventCountry "CZE"]
[SourceTitle "playchess.com"]
[Source "ChessBase"]
[SourceQuality "1"]
[TimeControl "40/5400+30:1800+30"]

1. e4 {[%emt 0:00:00]} d5 {[%emt 0:00:00]} 2. exd5 {[%emt 0:00:00]} Qxd5 {[%emt 0:00:00]} 3. Nc3 {[%emt 0:00:00]} Qa5 {[%emt 0:00:00]} 4. Bc4 {[%emt 0:00:26]} Nf6 {[%emt 0:00:07]} 5. d4 {[%emt 0:01:06]} Bf5 {[%emt 0:00:43]} 6. Nf3 {[%emt 0:00:16]} e6 {[%emt 0:00:35]} 7. O-O {[%emt 0:00:16]} c6 {[%emt 0:01:34]} 8. Re1 {[%emt 0:00:27]} Bb4 {[%emt 0:01:45]} 9. Bd2 {[%emt 0:01:21]} O-O {[%emt 0:01:33]} 10. a3 {[%emt 0:01:16]} Bxc3 {[%emt 0:00:23]} 11. Bxc3 {[%emt 0:00:07]} Qc7 {[%emt 0:00:08]} 12. h3 {[%emt 0:03:09]} Nbd7 {[%emt 0:01:44]} 13. Bd3 {[%emt 0:03:26]} Bxd3 {[%emt 0:02:53]} 14. Qxd3 {[%emt 0:00:50]} Rfd8 {[%emt 0:00:35]} 15. Qe2 {[%emt 0:01:45]} h6 {[%emt 0:08:05]} 16. Rad1 {[%emt 0:01:50]} a5 {[%emt 0:01:28]} 17. Nh2 {[%emt 0:03:50]} b5 {[%emt 0:06:25]} 18. Bd2 {[%emt 0:02:21]} Qd6 {[%emt 0:11:43]} 19. c4 {[%emt 0:04:58]} Qb8 {[%emt 0:05:23]} 20. b4 {[%emt 0:10:38]} axb4 {[%emt 0:03:44]} 21. Bxb4 {[%emt 0:00:49]} Qb6 {[%emt 0:03:06]} 22. Nf3 {[%emt 0:02:36]} Ra4 {[%emt 0:04:10]} 23. Ne5 {[%emt 0:02:04]} bxc4 {[%emt 0:01:59]} 24. Nxc4 {[%emt 0:09:14]} Qb5 {[%emt 0:01:24]} 25. Qc2 {[%emt 0:01:16]} Nd5 {[%emt 0:01:47]} 26. Ne5 {[%emt 0:05:11]} Nxe5 {[%emt 0:03:03]} 27. dxe5 {[%emt 0:00:50]} Rc8 {[%emt 0:00:21]} 28. Bd6 {[%emt 0:02:07]} c5 {[%emt 0:00:46]} 29. Rb1 {[%emt 0:05:32]} Qa6 {[%emt 0:03:04]} 30. Rb7 {[%emt 0:04:31]} Rxa3 {[%emt 0:02:14]} 31. Reb1 {[%emt 0:00:52]} Ra2 {[%emt 0:02:52]} 32. Qe4 {[%emt 0:02:08]} Ra1 {[%emt 0:03:11]} 33. Qf3 {[%emt 0:08:35]} Qxb7 {[%emt 0:00:40]} 34. Rxa1 {[%emt 0:00:04]} c4 {[%emt 0:00:39]} 35. Qe4 {[%emt 0:03:13]} c3 {[%emt 0:01:17]} 36. Qc2 {[%emt 0:02:29]} Nf4 {[%emt 0:02:55]} 37. f3 {[%emt 0:01:44]} Qb2 {[%emt 0:00:19]} 38. Ra2 {[%emt 0:01:26]} Qb6+ {[%emt 0:04:00]} 39. Kh2 {[%emt 0:00:52]} Qe3 {[%emt 0:00:00]} 40. h4 {[%emt 0:00:00]} Nd5 {[%emt 0:00:00]} 41. Ra4 {[%emt 0:05:46]} Qd2 {[%emt 0:05:45]} 42. Qxd2 {[%emt 0:02:11]} cxd2 {[%emt 0:00:07]} 43. Rd4 {[%emt 0:00:06]} Ne3 {[%emt 0:00:06]} 0-1

[Event "WSTCC-50 2020"]
[Site "Prague"]
[Date "2020.03.12"]
[Round "7.21"]
[White "Cummings, David H."]
[Black "Frostick, Clive A"]
[Result "1/2-1/2"]
[WhiteElo "2342"]
[BlackElo "2082"]
[Annotator "TA"]
[PlyCount "45"]
[EventDate "2020.03.06"]
[EventType "team-tourn"]
[EventCountry "CZE"]
[SourceTitle "playchess.com"]
[Source "ChessBase"]
[SourceQuality "1"]

{[%evp 19,45,19,23,10,38,34,39,29,43,38,54,50,48,27,29,14,17,19,15,20,35,35,37,39,33,15,20,15]} 1. c4 e6 2. Nf3 d5 3. g3 Nf6 4. Bg2 Be7 5. O-O O-O 6. b3 b6 7. cxd5 exd5 8. Bb2 Bb7 9. d4 Re8 10. Nc3 Nbd7 11. Qc2 {E17: Queen's Indian: 4 g3 Bb7 5 Bg2 Be7.} c5 12. Rfd1 Rc8 13. Rac1 {White is slightly better.} Qc7 {[#]} 14. e3 $146 ({Predecessor:} 14. Qf5 Qb8 15. Ne5 Nxe5 16. dxe5 g6 17. Qc2 d4 18. exf6 dxc3 19. Bxc3 Bf8 20. Rd7 Bxg2 21. Kxg2 {1-0 (33) Jirka,J (2400)-Laznicka,V (2219) Czechia 2002}) 14... Qb8 15. Qb1 Bf8 16. Ne2 Ne4 17. Ne5 Ndf6 18. Nf4 cxd4 19. Rxc8 Qxc8 20. Bxd4 Nc3 21. Bxc3 $1 Qxc3 22. Ned3 Ne4 23. Rc1 {Accuracy: White = 100%, Black = 90%.} 1/2-1/2

[Event "WSTCC-50 2020"]
[Site "Prague"]
[Date "2020.03.12"]
[Round "7.22"]
[White "Fraser-Mitchell, Jeremy N"]
[Black "Plotkin, Victor"]
[Result "0-1"]
[WhiteElo "2059"]
[BlackElo "2339"]
[Annotator "TA"]
[PlyCount "65"]
[EventDate "2020.03.06"]
[EventType "team-tourn"]
[EventCountry "CZE"]
[SourceTitle "playchess.com"]
[Source "ChessBase"]
[SourceQuality "1"]

{[%evp 13,65,19,35,27,23,31,43,42,45,23,32,40,38,29,52,0,35,25,34,15,16,26,16,18,13,9,10,0,0,-14,-19,-58,-32,-32,-24,-30,-24,-26,0,-169,-39,-54,-55,-254,-247,-435,-434,-434,-428,-407,-417,-409,-409,-351]} 1. d4 d5 2. Bf4 Nf6 3. e3 c5 4. c3 Qb6 5. Qb3 Nc6 6. Nd2 e6 7. Ngf3 Be7 8. Be2 {D02: 1 d4 d5 2 Nf3 sidelines, including 2...Nf6 3 g3 and 2...Nf6 3 Bf4.} O-O 9. O-O Qxb3 10. axb3 {White is slightly better.} Bd7 11. Ne5 Nxe5 12. Bxe5 cxd4 13. exd4 {[#]} Rfc8 $146 ({Predecessor:} 13... Bc6 14. b4 a6 15. Rfe1 Ne8 16. Nb3 Bd7 17. b5 Bc8 18. Ra2 f6 19. Bg3 Bd6 {1-0 (80) Stulz,J (1964)-Talosch,A (1658) Baden 2017}) 14. h3 (14. b4 $14) 14... Ne8 15. Ra2 f6 16. Bf4 Bd6 17. Bxd6 Nxd6 18. Rfa1 a6 19. Ra5 Re8 20. Bd3 Bc6 21. c4 Rad8 22. c5 Nb5 23. Bxb5 Bxb5 24. Nb1 e5 25. Nc3 Bd3 26. dxe5 $2 {[#]} (26. R5a4 $11) 26... fxe5 (26... d4 $19 27. Na2 Rxe5) 27. Rd1 $15 e4 28. b4 $2 {This costs White the game.} ({Better is} 28. f3 $15) 28... d4 $19 29. Na4 $2 (29. Nb1) 29... e3 30. fxe3 dxe3 {Strongly threatening ...e2.} 31. Nc3 e2 32. Re1 Rf8 {[#] Threatens to win with ...Rf1+.} 33. Raa1 {Accuracy: White = 66%, Black = 74%.} 0-1

[Event "WSTCC-50 2020"]
[Site "Prague"]
[Date "2020.03.12"]
[Round "7.23"]
[White "Findlay, Ian T."]
[Black "Thurstan, Tim M"]
[Result "1/2-1/2"]
[WhiteElo "2159"]
[BlackElo "1987"]
[Annotator "ChessBase"]
[PlyCount "56"]
[EventDate "2020.03.06"]
[EventType "team-tourn"]
[EventCountry "CZE"]
[SourceTitle "playchess.com"]
[Source "ChessBase"]
[SourceQuality "1"]
[TimeControl "40/5400+30:1800+30"]

1. e4 {[%emt 0:00:00]} e6 {[%emt 0:00:00]} 2. d4 {[%emt 0:00:00]} d5 {[%emt 0:00:00]} 3. Nd2 {[%emt 0:00:00]} Nc6 {[%emt 0:00:00]} 4. Ngf3 {[%emt 0:00:07]} Nf6 {[%emt 0:00:00]} 5. e5 {[%emt 0:00:11]} Nd7 {[%emt 0:00:00]} 6. Be2 {[%emt 0:00:06]} f6 {[%emt 0:00:10]} 7. exf6 {[%emt 0:00:07]} Qxf6 {[%emt 0:00:04]} 8. Nf1 {[%emt 0:00:11]} Bd6 {[%emt 0:00:10]} 9. Ne3 {[%emt 0:00:09]} O-O {[%emt 0:00:08]} 10. O-O {[%emt 0:00:18]} Qg6 {[%emt 0:00:19]} 11. c4 {[%emt 0:04:32]} Nf6 {[%emt 0:05:54]} 12. a3 {[%emt 0:05:13]} Bd7 {[%emt 0:12:52]} 13. b4 {[%emt 0:00:27]} Ne7 {[%emt 0:10:36]} 14. Ne5 {[%emt 0:02:20]} Qe8 {[%emt 0:02:35]} 15. Bb2 {[%emt 0:04:36]} dxc4 {[%emt 0:01:17]} 16. Bxc4 {[%emt 0:01:15]} Ned5 {[%emt 0:00:45]} 17. Qb3 {[%emt 0:02:46]} c6 {[%emt 0:00:47]} 18. Rae1 {[%emt 0:09:18]} Qh5 {[%emt 0:06:33]} 19. f4 {[%emt 0:01:44]} Bxe5 {[%emt 0:05:36]} 20. dxe5 {[%emt 0:02:03]} Ng4 {[%emt 0:00:38]} 21. Nxg4 {[%emt 0:01:32]} Qxg4 {[%emt 0:00:07]} 22. h3 {[%emt 0:09:59]} Qh4 {[%emt 0:04:15]} 23. f5 {[%emt 0:04:55]} Rxf5 {[%emt 0:01:31]} 24. Bxd5 {[%emt 0:09:06]} cxd5 {[%emt 0:02:06]} 25. Rxf5 {[%emt 0:00:39]} Qxe1+ {[%emt 0:00:11]} 26. Rf1 {[%emt 0:00:07]} Qe4 {[%emt 0:00:55]} 27. Qf3 {[%emt 0:00:56]} Qxf3 {[%emt 0:01:04]} 28. Rxf3 {[%emt 0:00:10]} Rc8 {[%emt 0:00:16]} 1/2-1/2

[Event "WSTCC-50 2020"]
[Site "Prague"]
[Date "2020.03.12"]
[Round "7.24"]
[White "Lawrence, Paul"]
[Black "Barron, Michael"]
[Result "0-1"]
[WhiteElo "1894"]
[BlackElo "2075"]
[Annotator "ChessBase"]
[PlyCount "38"]
[EventDate "2020.03.06"]
[EventType "team-tourn"]
[EventCountry "CZE"]
[SourceTitle "playchess.com"]
[Source "ChessBase"]
[SourceQuality "1"]
[TimeControl "40/5400+30:1800+30"]

1. c4 {[%emt 0:00:00]} f5 {[%emt 0:00:00]} 2. d4 {[%emt 0:00:38]} Nf6 {[%emt 0:00:00]} 3. Nc3 {[%emt 0:00:04]} d6 {[%emt 0:00:00]} 4. Nf3 {[%emt 0:00:52]} g6 {[%emt 0:00:00]} 5. g3 {[%emt 0:01:17]} Bg7 {[%emt 0:00:00]} 6. Bg2 {[%emt 0:00:07]} O-O {[%emt 0:00:01]} 7. O-O {[%emt 0:06:49]} c6 {[%emt 0:00:03]} 8. Bd2 {[%emt 0:05:59]} h6 {[%emt 0:01:07]} 9. Qc2 {[%emt 0:13:40]} Na6 {[%emt 0:01:27]} 10. a3 {[%emt 0:02:32]} Bd7 {[%emt 0:00:54]} 11. Nh4 {[%emt 0:11:55]} Qe8 {[%emt 0:01:05]} 12. b4 {[%emt 0:05:55]} e5 {[%emt 0:05:53]} 13. dxe5 {[%emt 0:05:52]} dxe5 {[%emt 0:00:28]} 14. e4 {[%emt 0:02:33]} f4 {[%emt 0:01:38]} 15. gxf4 {[%emt 0:05:19]} exf4 {[%emt 0:00:29]} 16. Bxf4 {[%emt 0:15:31]} g5 {[%emt 0:00:03]} 17. e5 {[%emt 0:00:13]} Ng4 {[%emt 0:03:29]} 18. Ng6 {[%emt 0:04:12]} Bf5 {[%emt 0:00:49]} 19. Be4 {[%emt 0:00:34]} Qxg6 {[%emt 0:00:03]} 0-1

[Event "WSTCC-50 2020"]
[Site "Prague"]
[Date "2020.03.12"]
[Round "7.25"]
[White "Bryson, Douglas M"]
[Black "Arkell, Keith C"]
[Result "0-1"]
[WhiteElo "2334"]
[BlackElo "2447"]
[Annotator "TA"]
[PlyCount "184"]
[EventDate "2020.03.06"]
[EventType "team-tourn"]
[EventCountry "CZE"]
[SourceTitle "playchess.com"]
[Source "ChessBase"]
[SourceQuality "1"]

{[%evp 10,184,58,59,47,53,54,67,67,39,39,38,48,38,35,18,18,19,27,17,27,18,79,72,112,106,106,100,103,113,127,121,139,134,134,131,156,160,155,155,142,92,108,65,387,391,388,393,405,18,6,0,0,-206,-206,-158,-30,-23,-17,-96,-96,-256,-231,-264,-197,-277,-282,-298,-275,-288,-257,-389,-389,-389,-389,-383,-372,-423,-382,-376,-375,-365,-364,-332,-313,-345,-350,-608,-612,-544,-374,-426,-379,-379,-377,-346,-308,-308,-308,-338,-338,-379,-331,-820,-882,-772,-734,-1163,-1126,-1986,-1833,-2440,-6129,-6221,-5941,-6083,-3681,-29974,-29974,-29974,-6318,-6347,-6317,-6116,-6286,-6248,-6158,-6115,-4991,-5822,-5085,-2787,-2212,-2236,-1992,-1865,-1759,-1661,-1574,-1705,-1677,-1625,-1359,-29968,-29975,-29972,-29972,-29970,-29968,-29967,-29969,-29985,-29986,-29986,-29985,-29986,-29982,-29982,-29983,-29984,-29982,-29982,-29981,-29983,-29984,-29984,-29985,-29986,-29986,-29988,-29986,-29987,-29988,-29989,-29990,-29990,-29991]} 1. e4 d5 2. exd5 Qxd5 3. Nc3 Qd8 4. d4 Nf6 5. Nf3 Bg4 6. h3 Bxf3 {B01: Scandinavian Defence.} 7. Qxf3 c6 8. Be3 e6 {White is slightly better.} 9. Bc4 Nbd7 10. O-O Be7 11. Rad1 O-O {[#]} 12. Ne2 $146 ({Predecessor:} 12. Ne4 Nxe4 13. Qxe4 Nf6 14. Qf3 Nd5 15. Bb3 a5 16. a4 Qb6 17. Bc1 Bf6 18. c4 {1-0 (58) Atakisi,U (2351)-Glek,I (2464) Albena 2013}) 12... Nb6 13. Bb3 a5 14. a3 a4 15. Ba2 Nfd5 (15... Nbd5 $11) 16. Bd2 $16 Qc7 17. c4 Nf6 18. Bf4 $36 {[%mdl 2048] Keeping Black busy.} Qd7 19. Nc3 {[%cal Be2c3,Bc3e4,Be4g3][%mdl 32]} Bd8 20. Rfe1 Qc8 21. g4 Bc7 22. Bc1 Re8 23. g5 Nfd7 24. Ne4 Ra5 25. Ng3 c5 26. d5 Ne5 $2 {[%mdl 8192]} ({Black should play} 26... exd5 $1 $14 27. Qc3 Ra8) 27. Qc3 $18 {[%mdl 64] Double Attack} exd5 28. cxd5 (28. Qxa5 Na8 $15) 28... c4 29. d6 $2 (29. Qxa5 Nf3+ 30. Kg2 Nh4+ 31. Kh2 Nf3+ 32. Kg2 Nh4+ 33. Kh2 Nf3+ 34. Kg2 $11) (29. Rxe5 $1 $18 Bxe5 30. Qxa5 Bxg3 31. fxg3 Qxh3 32. Qc3) 29... Nd5 $1 $11 {[%cal Rd5c3]} 30. Rxd5 ({Not} 30. Rxe5 $2 Nxc3 31. d7 Qxd7 $1 $17 {[%mdl 512]}) 30... Rxd5 31. Rxe5 $2 (31. dxc7 $11 {and White is okay.} Qxc7 32. Re3) 31... Rexe5 $19 ({Don't take} 31... Rdxe5 32. dxc7 Qxc7 33. Bd2 $17) 32. dxc7 Qxc7 (32... Rd1+ $17 33. Kh2 Qxc7) 33. Bf4 $11 b5 34. Bxe5 (34. h4 $1 $11 {keeps the balance.}) 34... Qxe5 $17 {Black continues to play with concentration.} 35. Qf3 $2 (35. Qxe5 $17 Rxe5 36. Kf1) 35... Qxg5 $19 36. Bb1 g6 37. Be4 (37. Bc2 $142) 37... Rd8 38. Kg2 h5 {White must now prevent ...h4.} 39. h4 Qe5 40. Bc6 (40. Qe3 {is a better defense.}) 40... Rd3 41. Qe4 Qxe4+ 42. Nxe4 Rb3 43. Nc3 Rxb2 44. Nxb5 Rb3 45. Kf1 Kg7 46. Ke2 f6 47. Kd2 g5 48. Nc3 $2 (48. hxg5 fxg5 49. Nc3) 48... gxh4 49. Bxa4 Rxa3 50. Bb5 Rb3 51. Bxc4 Rb2+ 52. Ke3 Rc2 53. Kd3 Rxf2 {Strongly threatening ...h3.} 54. Ne4 Rf5 {Threatens to win with ...h3.} 55. Be6 Ra5 56. Bh3 $2 (56. Nd2) 56... Ra3+ 57. Nc3 Kg6 58. Kd2 Kg5 59. Be6 f5 60. Bd5 h3 61. Nd1 Ra5 62. Bc6 Ra2+ 63. Ke1 h2 64. Nf2 Ra1+ (64... Kf4 $142 65. Bd5 Rc2 66. Nd1 Ke5 67. Bb7 Kd4 68. Nf2 f4 69. Bh1 {[#]} f3 $1 {[%mdl 512]} 70. Nd1 Rg2 $1 {[%mdl 512]} 71. Nf2 Rg1+ 72. Kd2 Rf1 73. Nh3 Rxh1 74. Nf4 Re1 $1 {[%mdl 576] Decoy, Clearance, Promotion} 75. Kxe1 h1=Q+ 76. Kd2 Qh2+ {[%mdl 64] Double Attack} 77. Kc1 Kc3 78. Nd5+ Kb3 79. Ne3 Qe2 80. Nf5 Qe1#) 65. Ke2 Kf4 66. Nh1 Ra2+ 67. Kd3 h4 68. Bb7 Kg4 69. Bc6 Ra6 70. Bb7 Re6 71. Kd2 Re8 72. Nf2+ Kg5 73. Nh3+ Kf6 74. Nf2 Rb8 75. Bc6 Rb6 76. Bf3 Rb2+ {Black mates.} 77. Ke1 {[#]} h3 $1 78. Bh1 (78. Nxh3 Rb3) 78... Rc2 79. Bb7 Ke5 80. Nd3+ Kd4 81. Nf2 Ra2 82. Bc6 Ra3 83. Ke2 Re3+ 84. Kf1 Rb3 85. Ke2 Rc3 86. Bb7 Re3+ 87. Kf1 Rb3 88. Bc6 f4 89. Bh1 Ra3 90. Ke2 {[#]} f3+ $1 91. Ke1 (91. Bxf3 Re3+) 91... Ra1+ 92. Nd1 {[#]} f2+ $1 {[%mdl 64] Promotion. Accuracy: White = 57%, Black = 78%.} 0-1